Creating motion graphics with after effects V.2 advanced techniques (Record no. 209743)

MARC details
000 -LEADER
fixed length control field 00499nam a2200169Ia 4500
008 - FIXED-LENGTH DATA ELEMENTS--GENERAL INFORMATION
fixed length control field 231221s9999 xx 000 0 und d
041 ## - LANGUAGE CODE
Language code of text/sound track or separate title English
082 ## - DEWEY DECIMAL CLASSIFICATION NUMBER
Classification number 006.6 TRI;1
100 ## - MAIN ENTRY--PERSONAL NAME
Personal name Meyer, Trish. Meyer, Chris.
245 #0 - TITLE STATEMENT
Title Creating motion graphics with after effects V.2 advanced techniques
250 ## - EDITION STATEMENT
Edition statement 2nd ed
260 ## - PUBLICATION, DISTRIBUTION, ETC.
Date of publication, distribution, etc. 2003
Name of publisher, distributor, etc. CMP Media
Place of publication, distribution, etc. California
300 ## - PHYSICAL DESCRIPTION
Extent x+403
500 ## - GENERAL NOTE
General note with 28260
650 ## - SUBJECT ADDED ENTRY--TOPICAL TERM
Topical term or geographic name entry element Creating,motion,graphics,effects,V.2,advanced,techniques
942 ## - ADDED ENTRY ELEMENTS (KOHA)
Koha item type Compact Disks
Holdings
Date last seen Total checkouts Full call number Accession number Price effective from Category Lost status Damaged status Withdrawn status Home library Current library Shelving location Entry date Grants Billnumber Billdate Currency symbol Conversion rate Discount Old discount
26/01/2024   006.6 TRI;1 CD4183 26/01/2024 Compact Disks       Central Library Central Library Central Library     200 26/01/2013 AUS DOLLAR 1    

© For any Suggestions or Query, please contact the library staff @ librarian@pes.edu or Phone: +9180 2672 1983/ 2108.